| 000 | 00363pam a2200145a 44500 | ||
|---|---|---|---|
| 008 | 230405s xxu||||| |||| 00| 0 eng d | ||
| 041 | _aENG | ||
| 100 | _aPALCHUN V T / VOZNESENSKY N L | ||
| 245 | _aDISEASES OF THE EAR THROAT AND NOSE | ||
| 250 | _a1986 | ||
| 260 |
_aMOSCOW _bMIR PUBLICATION MOSCOW _c |
||
| 300 | _a264 | ||
| 650 | _aPHARMACOLOGY | ||
| 906 | _a120 | ||
| 999 |
_c265559 _d265559 |
||